Подробности
| 000 -МАРКЕР |
| контрольное поле |
01424nam0a22002771 4500 |
| 001 - ИДЕНТИФИКАТОР ЗАПИСИ |
| контрольное поле |
rc\1249 |
| 005 - ИДЕНТИФИКАТОР ВЕРСИИ |
| контрольное поле |
20230911150230.0 |
| 021 ## - НОМЕР ГОСУДАРСТВЕННОЙ РЕГИСТРАЦИИ |
| Код страны |
Российская Федерация |
| Номер |
КН-П-19-094876 |
| Номер Листа государственной регистраци |
КН-П-19-6953 |
| 035 ## - ДРУГИЕ СИСТЕМНЫЕ НОМЕРА |
| Идентификатор записи |
(NLR Aleph) 005291921 |
| 100 ## - ДАННЫЕ ОБЩЕЙ ОБРАБОТКИ |
| Данные общей обработки |
20021204d1995 u y0rusy50 ca |
| 101 0# - ЯЗЫК РЕСУРСА |
| Язык текста, звукозаписи и т.д. |
русский |
| 102 ## - СТРАНА ПУБЛИКАЦИИ ИЛИ ПРОИЗВОДСТВА |
| Страна публикации |
Российская Федерация |
| 105 ## - ПОЛЕ КОДИРОВАННЫХ ДАННЫХ: ТЕКСТОВЫЕ МАТЕРИАЛЫ, МОНОГРАФИЧЕСКИЕ |
| Кодированные данные о монографическом текстовом документе |
y ||||||||| |
| 200 1# - ЗАГЛАВИЕ И СВЕДЕНИЯ ОБ ОТВЕТСТВЕННОСТИ |
| Основное заглавие |
Аннотированная библиография по социальным проблемам сексуальности (1960-е - первая половина 1990-х гг.) |
| Первые сведения об ответственности |
Рос. акад. наук. Ин-т социологии. С.-Петерб. фил. |
| Последующие сведения об ответственности |
[Составители Л.В. Кузнецова и др. |
| -- |
Авт. вступ. ст. и ред. С.И. Голод] |
| 210 ## - ПУБЛИКАЦИЯ, РАСПРОСТРАНЕНИЕ И ДР. |
| Место издания, распространения и т.д. |
СПб. |
| Имя издателя, распространителя и т. д. |
НИГ "Социология семьи, гендерных и сексуал. отношений" |
| Дата издания, распространения и т.д. |
1995 |
| 215 ## - ФИЗИЧЕСКАЯ ХАРАКТЕРИСТИКА |
| Специфическое обозначение материала и объем |
68, [2] с. |
| Размеры |
20 |
| 300 ## - ОБЩИЕ ПРИМЕЧАНИЯ |
| Текст примечания |
Вступит. ст. парал.: рус., англ. |
| 702 #1 - ИМЯ ЛИЦА - ВТОРИЧНАЯ ОТВЕТСТВЕННОСТЬ |
| Код отношения |
Составитель |
| Начальный элемент ввода |
Кузнецова |
| Часть имени, кроме начального элемента ввода |
Л. В. |
| Дополнения к именам, кроме дат |
канд. социол. наук |
| Расширение инициалов личного имени |
Любовь Валентиновна |
| Системный номер авторитетной/нормативной записи |
259469 |
| Идентификатор авторитетной/нормативной записи |
RU\NLR\AUTH\770259525 |
| 712 02 - НАИМЕНОВАНИЕ ОРГАНИЗАЦИИ - ВТОРИЧНАЯ ОТВЕТСТВЕННОСТЬ |
| Начальный элемент ввода |
Институт социологии |
| Структурное подразделение |
Санкт-Петербургский филиал |
| Идентифицирующий признак |
Москва |
| Системный номер авторитетной/нормативной записи |
473900 |
| Идентификатор авторитетной/нормативной записи |
RU\NLR\AUTH\889989194 |
| 801 #0 - ИСТОЧНИК ЗАПИСИ |
| Страна |
Российская Федерация |
| Организация |
NLR |
| Правила каталогизации |
psbo |
| 801 #1 - ИСТОЧНИК ЗАПИСИ |
| Страна |
Российская Федерация |
| Организация |
ELAR |
| Источник данных |
rusmarc |
| 852 ## - МЕСТОНАХОЖДЕНИЕ И ШИФР ХРАНЕНИЯ |
| Идентификатор организации |
NLR |
| Наименование фонда или коллекции (Sub-Location Identifier) |
С |
| Шифр хранения (Call Number) |
К-1/7011 |
| 942 ## - ДОПОЛНИТЕЛЬНЫЕ ЭЛЕМЕНТЫ ЗАПИСИ (АБИС) |
| Тип экземпляра АБИС |
Книга |
| 980 ## - КОЛЛЕКЦИЯ |
| Название коллекции |
Национальная библиография |